[Event "WJCC U20 Open 2019"]
[Site "New Delhi"]
[Date "2019.10.25"]
[Round "11.4"]
[White "Kuybokarov, Temur"]
[Black "Wang, Shixu B"]
[Result "1/2-1/2"]
[WhiteElo "2501"]
[BlackElo "2370"]
[Annotator "ChessBase"]
[PlyCount "192"]
[EventDate "2019.10.15"]
[EventType "swiss"]
[EventCountry "IND"]
[SourceTitle "playchess.com"]
[Source "ChessBase"]
[SourceQuality "1"]
[TimeControl "40/5400+30:1800+30"]

1. d4 {[%emt 0:00:00]} Nf6 {[%emt 0:00:00]} 2. Nf3 {[%emt 0:00:00]} d5 {[%emt 0:00:19]} 3. c4 {[%emt 0:00:10]} e6 {[%emt 0:00:04]} 4. Nc3 {[%emt 0:00:15]} Be7 {[%emt 0:00:15]} 5. Bf4 {[%emt 0:00:36]} O-O {[%emt 0:00:06]} 6. e3 {[%emt 0:00:28]} b6 {[%emt 0:00:21]} 7. Be2 {[%emt 0:00:22]} Bb7 {[%emt 0:00:40]} 8. O-O {[%emt 0:02:18]} Nbd7 {[%emt 0:00:27]} 9. cxd5 {[%emt 0:14:30]} Nxd5 {[%emt 0:00:08]} 10. Nxd5 {[%emt 0:01:58]} exd5 {[%emt 0:00:11]} 11. Rc1 {[%emt 0:08:10]} c5 {[%emt 0:00:22]} 12. b3 {[%emt 0:00:03]} Rc8 {[%emt 0:06:21]} 13. Bd3 {[%emt 0:06:37]} g6 {[%emt 0:17:22]} 14. h3 {[%emt 0:07:45]} Bf6 {[%emt 0:00:53]} 15. Qe2 {[%emt 0:02:38]} Re8 {[%emt 0:17:14]} 16. Ba6 {[%emt 0:03:52]} Bxa6 {[%emt 0:00:18]} 17. Qxa6 {[%emt 0:00:06]} Qe7 {[%emt 0:05:08]} 18. Rfd1 {[%emt 0:06:37]} Qe6 {[%emt 0:02:02]} 19. Qxa7 {[%emt 0:02:06]} Ra8 {[%emt 0:02:52]} 20. Qb7 {[%emt 0:01:16]} Rxa2 {[%emt 0:00:36]} 21. dxc5 {[%emt 0:04:11]} Nxc5 {[%emt 0:00:13]} 22. Qxd5 {[%emt 0:00:10]} Rb2 {[%emt 0:01:42]} 23. Qxe6 {[%emt 0:06:02]} Rxe6 {[%emt 0:02:38]} 24. Nd4 {[%emt 0:07:07]} Re8 {[%emt 0:00:11]} 25. Nb5 {[%emt 0:01:37]} Be5 {[%emt 0:09:45]} 26. Nc7 {[%emt 0:04:47]} Bxc7 {[%emt 0:03:30]} 27. Bxc7 {[%emt 0:00:05]} Nxb3 {[%emt 0:05:36]} 28. Rb1 {[%emt 0:01:17]} Rxb1 {[%emt 0:00:26]} 29. Rxb1 {[%emt 0:00:05]} Nd2 {[%emt 0:00:29]} 30. Rxb6 {[%emt 0:02:20]} Rc8 {[%emt 0:00:06]} 31. Rb7 {[%emt 0:01:04]} Ne4 {[%emt 0:02:51]} 32. f3 {[%emt 0:01:23]} Nc5 {[%emt 0:01:39]} 33. Ra7 {[%emt 0:00:06]} Re8 {[%emt 0:01:15]} 34. e4 {[%emt 0:00:24]} Kg7 {[%emt 0:00:59]} 35. Ra5 {[%emt 0:01:42]} Nd3 {[%emt 0:01:44]} 36. Rd5 {[%emt 0:01:57]} Rc8 {[%emt 0:00:16]} 37. Bd6 {[%emt 0:00:36]} Rc1+ {[%emt 0:00:41]} 38. Kh2 {[%emt 0:00:07]} Rc3 {[%emt 0:00:30]} 39. Kg3 {[%emt 0:06:33]} Kf6 {[%emt 0:01:04]} 40. Bf8 {[%emt 0:06:08]} Rc8 {[%emt 0:11:26]} 41. Rd6+ {[%emt 0:32:25]} Ke5 {[%emt 0:30:15]} 42. Rd5+ {[%emt 0:00:00]} Kf6 {[%emt 0:00:00]} 43. Rd6+ {[%emt 0:00:00]} Ke5 {[%emt 0:00:00]} 44. Be7 {[%emt 0:00:00]} Rc7 {[%emt 0:00:00]} 45. Rd5+ {[%emt 0:00:00]} Ke6 {[%emt 0:00:00]} 46. Bd6 {[%emt 0:00:00]} Rc3 {[%emt 0:00:00]} 47. Bb8 {[%emt 0:00:00]} Rb3 {[%emt 0:00:00]} 48. Bc7 {[%emt 0:00:00]} h5 {[%emt 0:00:00]} 49. h4 {[%emt 0:00:00]} Rc3 {[%emt 0:00:00]} 50. Bb8 {[%emt 0:00:00]} Rb3 {[%emt 0:00:00]} 51. Ba7 {[%emt 0:00:00]} f5 {[%emt 0:00:00]} 52. Rd8 {[%emt 0:00:00]} Ke7 {[%emt 0:00:00]} 53. Rd4 {[%emt 0:00:00]} f4+ {[%emt 0:00:00]} 54. Kh2 {[%emt 0:00:00]} Ne5 {[%emt 0:00:00]} 55. Bc5+ {[%emt 0:00:00]} Kf7 {[%emt 0:00:00]} 56. Rd5 {[%emt 0:00:00]} Nd3 {[%emt 0:00:00]} 57. Bd4 {[%emt 0:00:00]} Ke7 {[%emt 0:00:00]} 58. e5 {[%emt 0:00:00]} Nc1 {[%emt 0:02:21]} 59. Rd6 {[%emt 0:01:26]} Ne2 {[%emt 0:00:06]} 60. Bf2 {[%emt 0:00:50]} Rb5 {[%emt 0:01:35]} 61. Rxg6 {[%emt 0:00:41]} Rxe5 {[%emt 0:00:06]} 62. Rc6 {[%emt 0:01:52]} Kd7 {[%emt 0:01:18]} 63. Rh6 {[%emt 0:00:42]} Rd5 {[%emt 0:01:25]} 64. Ba7 {[%emt 0:01:08]} Rb5 {[%emt 0:02:01]} 65. Rh8 {[%emt 0:00:41]} Ke7 {[%emt 0:02:56]} 66. Bb8 {[%emt 0:00:29]} Kf7 {[%emt 0:00:36]} 67. Bc7 {[%emt 0:00:11]} Rc5 {[%emt 0:01:07]} 68. Bd6 {[%emt 0:01:13]} Rd5 {[%emt 0:01:26]} 69. Rf8+ {[%emt 0:00:40]} Kg6 {[%emt 0:00:49]} 70. Bb8 {[%emt 0:00:48]} Rd4 {[%emt 0:02:07]} 71. Be5 {[%emt 0:00:45]} Rc4 {[%emt 0:01:05]} 72. Rf6+ {[%emt 0:00:45]} Kh7 {[%emt 0:00:04]} 73. Re6 {[%emt 0:00:28]} Ng3 {[%emt 0:00:51]} 74. Kh3 {[%emt 0:01:56]} Ne2 {[%emt 0:01:33]} 75. Kh2 {[%emt 0:01:09]} Rc2 {[%emt 0:00:31]} 76. Bd6 {[%emt 0:00:56]} Nd4 {[%emt 0:00:36]} 77. Re7+ {[%emt 0:00:10]} Kg6 {[%emt 0:00:35]} 78. Bxf4 {[%emt 0:00:15]} Nxf3+ {[%emt 0:00:08]} 79. Kg3 {[%emt 0:00:16]} Nd4 {[%emt 0:00:44]} 80. Kh3 {[%emt 0:00:05]} Nf5 {[%emt 0:00:54]} 81. Re6+ {[%emt 0:00:06]} Kf7 {[%emt 0:00:10]} 82. Ra6 {[%emt 0:00:05]} Rc3+ {[%emt 0:01:06]} 83. g3 Rc5 {[%emt 0:00:17]} 84. Kg2 {[%emt 0:00:20]} Rc2+ {[%emt 0:00:25]} 85. Kf3 {[%emt 0:00:06]} Rc3+ {[%emt 0:00:10]} 86. Kg2 {[%emt 0:01:11]} Rc2+ {[%emt 0:00:02]} 87. Kh3 {[%emt 0:00:05]} Rc5 88. Ra3 {[%emt 0:01:14]} Rc2 {[%emt 0:01:25]} 89. g4 {[%emt 0:00:23]} hxg4+ {[%emt 0:00:15]} 90. Kxg4 {[%emt 0:00:06]} Ng7 {[%emt 0:00:57]} 91. h5 {[%emt 0:00:07]} Ne6 {[%emt 0:00:30]} 92. Be5 {[%emt 0:00:15]} Rg2+ {[%emt 0:00:53]} 93. Kh4 {[%emt 0:00:13]} Re2 {[%emt 0:00:51]} 94. Ra7+ {[%emt 0:00:16]} Kg8 {[%emt 0:00:07]} 95. Ba1 {[%emt 0:00:36]} Re4+ {[%emt 0:00:46]} 96. Kg3 {[%emt 0:00:09]} Nd4 {[%emt 0:00:29]} 1/2-1/2

[Event "WJCC U20 Open 2019"]
[Site "New Delhi"]
[Date "2019.10.25"]
[Round "11.5"]
[White "Karthikeyan, Murali"]
[Black "Janik, Igor"]
[Result "1-0"]
[WhiteElo "2617"]
[BlackElo "2467"]
[Annotator "TA"]
[PlyCount "61"]
[EventDate "2019.10.15"]
[EventType "swiss"]
[EventCountry "IND"]
[SourceTitle "playchess.com"]
[Source "ChessBase"]
[SourceQuality "1"]

{[%evp 19,61,85,82,53,65,49,69,58,67,45,56,52,50,53,67,64,262,260,199,245,262,249,250,258,227,248,461,461,461,461,461,461,628,630,636,633,616,616,620,614,736,716,1151,1115]} 1. Nf3 Nf6 2. g3 b6 3. Bg2 Bb7 4. O-O e6 5. c4 c5 6. Nc3 Nc6 7. e4 d6 8. d4 cxd4 9. Nxd4 Rc8 10. b3 Be7 11. Bb2 {A30: Symmetrical English: Double Fianchetto and Hedgehog} O-O 12. Re1 Rc7 $146 ({Predecessor:} 12... a6 13. Nc2 Qc7 14. Ne3 Rfd8 15. Rc1 Qb8 16. f4 {½-½ (51) Ostrowski,L (2360)-Pieniazek,A (2415) Krynica 1997}) 13. Nxc6 {White is slightly better.} Bxc6 14. Qe2 Qa8 15. a4 a6 16. Rad1 Nd7 17. Nd5 exd5 $2 ({Better is} 17... Bxd5 $1 $14 18. exd5 e5) 18. exd5 $18 {[%mdl 64] Discovered Attack} Bxa4 19. Qxe7 ({Much less strong is} 19. bxa4 $6 Bf6 $14) 19... Bxb3 20. Qxd6 Qd8 21. Rc1 $40 {[%mdl 128] Black must now prevent Re7. White attacks with force.} Rxc4 {[#]} 22. Qa3 $1 {[%csl LRa6,LRb3][%cal Ra3b3]} Nc5 $2 (22... Bc2 {was called for.} 23. Qxa6 Rc5) 23. Rxc4 {White is clearly winning.} Bxc4 {[#]} 24. Qc3 $1 {[%csl Gb2,LRc4,LRg7][%cal Rc3g7][%mdl 512]} Qf6 25. Qc1 Qxf2+ 26. Kxf2 Nd3+ 27. Ke3 Nxc1 28. Rxc1 Bb5 29. d6 Re8+ 30. Kd4 g5 31. Bc6 {Accuracy: White = 73%, Black = 29%.} 1-0

[Event "WJCC U20 Open 2019"]
[Site "New Delhi"]
[Date "2019.10.25"]
[Round "11.6"]
[White "Bronstein, Or"]
[Black "Kollars, Dmitrij"]
[Result "1/2-1/2"]
[WhiteElo "2413"]
[BlackElo "2587"]
[Annotator "TA"]
[PlyCount "63"]
[EventDate "2019.10.15"]
[EventType "swiss"]
[EventCountry "IND"]
[SourceTitle "playchess.com"]
[Source "ChessBase"]
[SourceQuality "1"]

{[%evp 9,63,20,31,12,39,13,24,24,19,23,31,0,0,0,27,21,58,56,58,50,56,0,0,0,0,2,18,13,18,10,12,0,2,0,0,0,0,0,0,0,0,0,8,8,6,8,2,0,0,0,25,12,11,3,5,4]} 1. d4 d5 2. c4 e6 3. Nf3 a6 4. cxd5 exd5 5. Nc3 c6 (5... Nf6 6. Bg5 Be6 7. e3 Nbd7 8. Bd3 c6 9. Qb3 Qb6 10. Qxb6 Nxb6 11. Bxf6 gxf6 12. Nh4 a5 13. O-O-O Bb4 {1-0 (40) So,W (2767)-Demchenko,A (2655) Khanty-Mansiysk 2019}) 6. Qc2 {D31: Queen's Gambit Declined: Semi-Slav without ...Nf6 (+ Marshall Gambit and Noteboom) and Exchange Variation lines without ...Nf6} Bd6 7. Bg5 Ne7 8. e3 {White has an edge.} Bg4 9. Bd3 Nd7 10. O-O-O h6 {[#] Threatens to win with ...Bxf3.} 11. Bh4 Qa5 $146 ({Predecessor:} 11... Qc7 12. Bxe7 Kxe7 13. e4 dxe4 14. Rhe1 Kf8 15. Bxe4 Nf6 16. h3 Bxf3 17. Bxf3 g6 18. Ne4 Nxe4 19. Rxe4 Kg7 {½-½ (19) Ahlander,B (2395)-Teske,H (2502) Sliema 2014}) 12. Kb1 O-O-O 13. Rc1 Bxf3 14. gxf3 Kb8 15. f4 (15. Na4 $14) 15... g5 $1 $36 {[%cal Rg5h4][%mdl 2048] Black has good play.} 16. fxg5 hxg5 17. Bg3 Bxg3 18. hxg3 Rxh1 19. Rxh1 c5 20. Qe2 Nc6 21. Qg4 ({But not} 21. Nxd5 cxd4 22. e4 f5 $15) 21... cxd4 22. exd4 Qb4 23. Nxd5 Qxd4 24. Qxd4 Nxd4 25. Ne3 Ne5 26. Be4 Nb5 27. Rh5 Nd6 28. Bd5 ({Much weaker is} 28. Rxg5 f6 $17) 28... f6 29. Rh6 Rf8 30. Rh7 f5 31. Rh5 Nd3 32. Rxg5 {Accuracy: White = 58%, Black = 75%.} 1/2-1/2

[Event "WJCC U20 Open 2019"]
[Site "New Delhi"]
[Date "2019.10.25"]
[Round "11.7"]
[White "Raghunandan, Kaumandur Srihari"]
[Black "Praggnanandhaa R"]
[Result "1/2-1/2"]
[WhiteElo "2449"]
[BlackElo "2567"]
[Annotator "TA"]
[PlyCount "106"]
[EventDate "2019.10.15"]
[EventType "swiss"]
[EventCountry "IND"]
[SourceTitle "playchess.com"]
[Source "ChessBase"]
[SourceQuality "1"]

{[%evp 19,106,48,38,2,10,0,54,64,66,72,57,59,68,77,61,45,91,89,93,77,123,2,77,72,96,86,85,81,86,87,106,117,190,134,141,138,154,148,153,144,152,109,101,109,83,97,116,0,68,0,118,69,77,39,39,29,28,27,17,13,21,0,3,0,63,69,80,79,80,80,79,79,89,11,15,0,0,0,0,0,0,0,0,0,0,0,0,0,13]} 1. e4 c5 2. Nf3 Nc6 3. d4 cxd4 4. Nxd4 Nf6 5. Nc3 d6 6. Bg5 e6 7. Qd2 a6 8. O-O-O Be7 9. f4 Bd7 10. Nf3 b5 11. a3 {B68: Sicilian: Richter-Rauzer: 7...a6 8 0-0-0 Bd7 9 f4 Be7} (11. Bxf6 gxf6 12. f5 Qb6 13. Kb1 O-O-O 14. g3 Kb8 15. fxe6 fxe6 16. Bh3 Na5 17. Nd4 b4 18. Nce2 e5 19. Bxd7 Rxd7 20. Nf5 Nc4 21. Qd3 Rc8 22. Ka1 Bf8 23. b3 Na3 24. c4 bxc3 25. Nxc3 {½-½ (64) Navara,D (2734)-Saric,I (2681) Patras 2019}) 11... Qa5 12. Kb1 b4 (12... h6 $11 13. Bxf6 gxf6) 13. axb4 $14 {White is slightly better.} Nxb4 14. Bc4 {aiming for e5.} ({And not} 14. e5 Ne4 $17) 14... Rd8 $146 ({Predecessor:} 14... Qc5 15. Qd4 Rc8 16. Bb3 Qxd4 17. Rxd4 Nc6 18. Rd3 Na5 19. Ba2 Nc6 20. Bb3 Na5 21. Ba2 Nc6 22. Bb3 Na5 {½-½ (22) Shelke,S (2221)-Shyam,N (2429) Pune 2019}) 15. Rhe1 ({Don't play} 15. e5 dxe5 16. Qe2 (16. fxe5 $2 Ba4 $19) 16... exf4 $15) 15... O-O 16. Bb3 Qc7 17. f5 Nc6 18. fxe6 fxe6 19. Bf4 {[%cal Rf4d6]} Ne5 20. Qe2 (20. Nd4 $16) 20... Rb8 (20... Kh8 $1 $11 {remains equal.}) 21. Bxe5 $16 dxe5 {[#]} 22. Qc4 $1 {[%cal Rc4c7]} ({Reject} 22. Qxa6 $6 Bb4 $11) 22... Qxc4 23. Bxc4 Bb4 {Strongly threatening ...Bxc3.} 24. Kc1 $36 {[%mdl 2048] Rxd7! is the strong threat. White has strong initiative.} Bxc3 25. bxc3 Kf7 (25... Rb6 $16) 26. Nxe5+ (26. Rd6 $18) 26... Ke7 27. Bxa6 Rb6 28. Bc4 Rc8 {[#]} 29. Rd4 $1 Bb5 30. Bb3 Rxc3 31. Rb4 Rc5 32. Nd3 Rcc6 {White must now prevent ...Bxd3.} 33. Ne5 Rc5 34. Nd3 {[%mdl 64] Pin} Rcc6 35. Kb2 Nd7 {Threatens to win with ...Bxd3.} 36. Rb1 Rd6 37. Kc3 Rbc6+ 38. Kd2 Ba6 39. Ba4 Rc7 40. Ke3 Rc3 {[%cal Ra6d3]} 41. Kd2 Ra3 ({Black should play} 41... Rc7 $11) 42. Bb5 $1 $14 Nc5 43. Bxa6 Raxa6 44. Ke3 Ra3 {[%cal Rc5d3]} 45. Rd4 Rc6 46. Kf4 (46. h4 $16) 46... Rc3 $11 {The position is equal.} 47. Nxc5 R6xc5 {[%mdl 4096] Endgame KRR-KRR} 48. Rb7+ Kf6 {Hoping for ...e5+.} 49. Rdd7 g5+ 50. Kg4 Rxc2 51. g3 h5+ {[%mdl 64] Decoy} 52. Kxh5 Rxh2+ 53. Kg4 Ke5 {Accuracy: White = 61%, Black = 54%.} 1/2-1/2

[Event "WJCC U20 Open 2019"]
[Site "New Delhi"]
[Date "2019.10.25"]
[Round "11.8"]
[White "Mendonca, Leon Luke"]
[Black "Harsha Bharathakoti"]
[Result "1/2-1/2"]
[WhiteElo "2388"]
[BlackElo "2530"]
[Annotator "TA"]
[PlyCount "171"]
[EventDate "2019.10.15"]
[EventType "swiss"]
[EventCountry "IND"]
[SourceTitle "playchess.com"]
[Source "ChessBase"]
[SourceQuality "1"]

{[%evp 9,171,30,47,48,61,54,60,36,63,60,93,0,32,-31,-21,-16,0,0,0,0,0,-11,0,0,52,27,60,74,80,76,110,107,112,104,113,108,102,102,160,148,95,90,90,62,62,57,79,73,74,74,85,83,86,89,87,84,91,85,84,83,88,89,85,89,96,97,110,93,100,0,96,93,96,0,101,82,88,86,86,86,81,77,77,76,74,74,76,66,100,75,110,87,87,87,109,87,103,76,109,108,108,68,105,101,126,100,109,100,119,77,77,77,78,77,77,77,91,64,75,60,112,112,112,112,112,112,112,112,112,112,112,111,111,111,111,111,111,111,111,86,86,86,86,86,86,86,86,86,86,86,86,59,59,37,37,8,8,8,8,8,8,8,8,8]} 1. d4 d5 2. c4 dxc4 3. Nf3 Nf6 4. Nc3 e6 5. e4 b5 (5... Bb4 6. Bxc4 Nxe4 7. O-O Nf6 8. Qa4+ Nc6 9. Ne5 Bd6 10. Nxc6 bxc6 11. Qxc6+ Bd7 12. Qf3 O-O 13. Bg5 Rb8 {1-0 (45) Giri,A (2780)-Duda,J (2730) chess.com INT 2019}) 6. e5 {D24: Queen's Gambit Accepted: 3 Nf3 Nf6 4 Nc3} Nd5 7. Nxb5 Nb6 8. Nc3 {White is slightly better.} Qd7 9. Be3 $146 ({Predecessor:} 9. Be2 Be7 10. O-O Bb7 11. Be3 Nc6 12. Na4 Nxa4 13. Qxa4 Nxe5 14. Qxd7+ Nxd7 {½-½ (76) Purtseladze,M (2304)-Cramling,P (2476) Tbilisi 2018}) 9... Be7 10. Ng5 (10. Nd2 $16) 10... Bb7 11. Nge4 ({White should try} 11. Qg4 $14) 11... Bxe4 $15 12. Nxe4 Bb4+ 13. Nc3 Nc6 14. Qd2 $36 {[%mdl 2048] White fights for an advantage.} O-O 15. Be2 Rad8 {[%cal Rc6d4]} 16. Rd1 Qe7 (16... Ne7 $11) 17. Qc2 f5 {Threatening ...f4.} 18. exf6 Qxf6 {[%cal Rc6d4]} 19. O-O Nxd4 20. Bxd4 Rxd4 21. Ne4 {[%cal Bc3e4,Be4g5,Bg5e6][%mdl 32]} Qe5 22. Rxd4 Qxd4 {[#]} 23. Ng5 $1 {[%csl Gg5][%cal Rc2h7][%mdl 576] Discovered Attack} Qh4 ({Black should play} 23... Rf5 24. Nxe6 {[%mdl 64] Double Attack} Qd5) 24. Nxe6 $16 Re8 25. Nxc7 Qe4 26. Qxe4 (26. Bxc4+ {keeps more tension.} Nxc4 27. Qb3 Rb8 28. Na6 Rb6 29. Nxb4 a5 30. Qd3) 26... Rxe4 27. Bf3 Rd4 28. Rd1 Rxd1+ 29. Bxd1 {[%mdl 4096] Endgame KBN-KBN} Bd2 30. Kf1 Kf7 31. Ke2 Bc1 32. b3 cxb3 33. Bxb3+ Ke7 34. h4 Bb2 35. Ne6 Nd7 36. Nf4 Nf6 37. Kf3 Ba1 38. Bc4 Kd6 39. Bb3 ({Better is} 39. g4 $16) 39... Nd7 (39... Ke7 $1 $11) 40. Kg4 Nf6+ 41. Kf3 (41. Kf5 $16) 41... Bb2 (41... Nd7 $11 {remains equal.}) 42. Nd3 Bc3 43. Kf4 Nd7 44. Bg8 Bd2+ 45. Kg3 Nf6 46. Bf7 Nd7 47. f4 Nc5 48. Nf2 Bc3 49. Kf3 Bd4 50. g3 Ke7 51. Bc4 Nb7 52. Ng4 Nd6 53. Bb3 Bc5 54. Bc2 h6 55. Bd3 Bd4 56. Ne5 Bc5 57. Kg4 Nf7 58. Nc6+ Kf6 59. Nb8 {Threatens to win with Nd7+.} Ke7 60. Bc4 Nd6 61. Nc6+ Kf6 62. Bb3 g6 63. Ne5 {Strongly threatening Nd7+.} Bd4 64. Bc2 h5+ (64... Nf5 $14) 65. Kf3 Nf5 66. Nxg6 $1 Kxg6 {[#]} 67. g4 $1 hxg4+ 68. Kxg4 Kf6 {White must now prevent ...Ne3+.} 69. Bxf5 {KB-KB} Bc5 70. a4 a5 71. Bd3 Bf8 72. Kf3 Bh6 73. Ke4 Bf8 74. Kd5 Bh6 {[#]} 75. f5 $1 Bd2 76. Kc6 Bc1 77. Kb6 Bd2 78. Kb5 Be1 79. Bc2 Bd2 80. h5 Kg5 81. f6 Kxf6 82. h6 Bxh6 {The position is equal.} 83. Kxa5 Bd2+ 84. Kb5 Ke5 85. a5 Bxa5 86. Kxa5 {Accuracy: White = 67%, Black = 49%.} 1/2-1/2

[Event "WJCC U20 Open 2019"]
[Site "New Delhi"]
[Date "2019.10.25"]
[Round "11.9"]
[White "Arjun Kalyan"]
[Black "Costachi, Mihnea"]
[Result "0-1"]
[WhiteElo "2483"]
[BlackElo "2463"]
[Annotator "TA"]
[PlyCount "84"]
[EventDate "2019.10.15"]
[EventType "swiss"]
[EventCountry "IND"]
[SourceTitle "playchess.com"]
[Source "ChessBase"]
[SourceQuality "1"]

{[%evp 19,84,5,5,9,14,12,3,-6,22,23,23,0,-5,8,139,135,135,129,201,185,230,238,222,-23,-39,-60,-55,-58,-58,-104,-114,-131,-129,-143,-137,-126,-147,-142,-150,-150,-112,-160,-138,-222,-216,-244,-243,-311,-289,-295,-278,-284,-302,-285,-299,-413,-413,-752,-722,-785,-754,-834,-794,-665,-644,-1068,-695]} 1. e4 e5 2. Nf3 Nf6 3. Nxe5 d6 4. Nf3 Nxe4 5. d4 d5 6. Bd3 Bd6 7. O-O O-O 8. c4 c6 9. Qc2 Na6 10. a3 Bg4 {next ...Bxf3 is good for Black.} 11. Ne5 {C42: Petroff Defence: 3 Nxe5 and unusual White 3rd moves} Bxe5 (11... Bf5 12. b4 c5 13. cxd5 cxd4 14. Bxe4 Rc8 15. Nc6 Bxe4 16. Qxe4 bxc6 17. dxc6 Re8 18. Qf3 Qb6 {1-0 (77) Dominguez Perez,L (2763)-Wang,H (2726) Khanty-Mansiysk 2019}) 12. dxe5 Nac5 13. cxd5 {The position is equal.} cxd5 (13... Nxd3 $6 14. Qxd3 Bf5 15. d6 $16) 14. f3 Rc8 $1 (14... Nxd3 $6 15. Qxd3 Nc5 16. Qb5 $16) 15. Be3 ({Reject} 15. fxg4 Nxd3 16. Qxd3 Rxc1 $17) ({Of course not} 15. fxe4 dxe4 16. Bb5 Nd3 $17) 15... d4 16. Bxe4 dxe3 (16... Be6 $1 $11 {remains equal.}) 17. Bxh7+ $16 ({Not} 17. fxg4 Nxe4 18. Qxe4 Qb6 $15) 17... Kh8 18. fxg4 {[#] Bf5 is the strong threat.} Qd4 (18... e2 $16 19. Qxe2 Qd4+ 20. Kh1 Kxh7) 19. Nc3 $146 {Hoping for Rad1.} ({Predecessor:} 19. Kh1 g6 20. Nc3 {½-½ (20) Babaev,R (2334)-Mamedyarov,S (2479) Baku 2001}) 19... e2+ 20. Rf2 g6 {[#]} 21. Nxe2 $2 (21. Nb5 $1 $18 {[%cal Rb5d4]} Qd3 22. Qxe2) 21... Qe3 $1 $11 {White must now prevent ...Nb3.} 22. Nc3 {Threatens to win with Nd5.} Nd3 {[%mdl 64] Double Attack, Pin} 23. Rd1 Rcd8 24. Rxd3 Rxd3 25. Kf1 {And now Bxg6! would win.} Kxh7 26. e6 {aiming for Rf3.} Rd4 27. Qe2 Qc1+ 28. Qe1 Qxe1+ 29. Kxe1 $17 {[%mdl 4096] Endgame KRR-KRN} Kg7 30. Nb5 Rxg4 31. Nxa7 (31. exf7 $17 Rxf7 32. Re2) 31... Re4+ 32. Re2 Rxe6 33. Rxe6 fxe6 $19 {KR-KN} 34. Nb5 Kf6 35. Ke2 Ke5 36. Nc3 Rf5 37. b4 Kd4 38. Na4 (38. Nd1 $142) 38... Re5+ {Black is clearly winning.} 39. Kf2 Re3 40. Nc5 b6 41. Nd7 Rxa3 42. h4 Ra7 {Accuracy: White = 24%, Black = 75%.} 0-1

[Event "WJCC U20 Open 2019"]
[Site "New Delhi"]
[Date "2019.10.25"]
[Round "11.10"]
[White "Lobanov, Sergei"]
[Black "Batsuren, Dambasuren"]
[Result "1/2-1/2"]
[WhiteElo "2516"]
[BlackElo "2454"]
[Annotator "TA"]
[PlyCount "81"]
[EventDate "2019.10.15"]
[EventType "swiss"]
[EventCountry "IND"]
[SourceTitle "playchess.com"]
[Source "ChessBase"]
[SourceQuality "1"]

{[%evp 18,81,31,43,43,42,58,0,0,9,16,-5,0,-3,60,75,69,83,77,73,90,0,2,-17,-20,-38,-20,-88,-91,-104,-114,-108,-85,-112,-76,-79,-79,-117,-102,-140,-126,-143,-143,-152,-20,-19,-24,-25,0,0,0,0,24,24,24,24,24,21,24,21,21,20,21,21,21,21]} 1. e4 d6 2. d4 Nf6 3. Nc3 g6 4. f4 Bg7 5. Nf3 O-O 6. Bd3 Na6 {[%cal Bb8a6,Ba6c7,Bc7e6,Be6d4][%mdl 32]} 7. O-O c5 8. d5 Bg4 9. h3 Bxf3 10. Rxf3 Nc7 {B09: Pirc Defence: Austrian Attack} 11. a4 a6 12. Qe2 (12. a5 Nb5 13. Ne2 e6 14. dxe6 fxe6 15. f5 gxf5 16. exf5 e5 17. c4 {½-½ (41) Swiercz,D (2636)-Mamedov,R (2678) Atlantic City 2016}) 12... e6 13. dxe6 Nxe6 {aiming for ...Nd4.} 14. Qf1 Nd4 15. Rf2 Re8 $146 ({Better is} 15... b5 $11) ({Predecessor:} 15... b5 16. axb5 axb5 17. Rxa8 Qxa8 18. e5 dxe5 19. fxe5 {½-½ (57) Starostits,I (2450)-Luckans,A (2452) Riga 2005}) 16. f5 $1 $14 {[%cal Rf5g6]} gxf5 17. Bg5 $1 h6 18. Bh4 b5 19. exf5 (19. Rd1 $16) 19... d5 $36 {[%mdl 2048] Threatens to win with ...c4. Black is more active.} 20. Ne2 (20. Rd2 {seems wilder.} Qd6 21. axb5 c4 22. Be2 Nxb5 23. Rad1) 20... Nxe2+ 21. Bxe2 c4 22. axb5 (22. Bf3 $11 {remains equal.}) 22... axb5 $17 23. Rxa8 Qxa8 24. Bf3 Qa7 25. Kh1 Qd4 26. Bxf6 Bxf6 27. c3 Qc5 28. Rd2 d4 29. cxd4 Bxd4 ({Don't do} 29... Qxf5 30. Qf2 $15) 30. Bc6 {[#]} Be3 (30... Re3 $1 $17 {...Bxb2 is the strong threat.} 31. Rd1 Rd3) 31. Bxe8 $11 Bxd2 32. Qd1 $1 {[%cal Rd1d2]} c3 33. bxc3 Qxc3 34. Bxb5 Qc1 35. Qxc1 Bxc1 {[%mdl 4096] Endgame KB-KB} 36. g3 Kg7 37. Kg2 Ba3 38. Kf3 Bd6 {The position is equal.} 39. g4 Bc7 40. Bc4 Bd6 41. Ke4 {Accuracy: White = 49%, Black = 67%.} 1/2-1/2